Estudio del abastecimiento de agua potable de las ciudades de Valparaíso y Viña del Mar

Tallennettuna:
Bibliografiset tiedot
Yhteisötekijät: Oficina del Proyecto Río de la Unidad (Tekijä), OPRU (Tekijä), Ministerio de Obras Públicas y Transportes (Tekijä)
Aineistotyyppi: Kirja
Kieli:espanja
Julkaistu: Valparaíso OPRU 1971
Aiheet:
Tagit: Lisää tagi
Ei tageja, Lisää ensimmäinen tagi!

MARC

LEADER 00000nam a2200000 a 4500
001 UCU5917
003 CL-VaPUC
008 960614e19711200CL |||||||||||||||||spa|d
082 0 4 |a 628.1  |b OFI  |2 21 
110 2 |a Oficina del Proyecto Río de la Unidad  |e author  |9 363991 
710 2 |a OPRU  |e author  |9 363992 
710 2 |a Ministerio de Obras Públicas y Transportes  |e author  |9 363993 
245 1 0 |a Estudio del abastecimiento de agua potable de las ciudades de Valparaíso y Viña del Mar 
300 |a 155 h 
942 |c BK 
945 |d 19960614 00:00:00  |a cmena 
260 |a Valparaíso  |b OPRU  |c 1971 
650 0 |a Agua potable   |9 260375 
650 0 |a Servicio de abastecimiento de agua   |9 363994 
650 0 |a Abastecimiento de agua  |9 260374 
650 0 |a Agua  |9 257149 
650 0 |a Tratamiento del agua   |9 262889 
650 7 |a UTILIZACION DEL AGUA  |2 CL-VaPUC  |9 332319 
651 0 |a Viña del Mar  |9 327030 
651 0 |a Valparaíso, Chile  |9 261144 
583 |a last modification  |c 19960614 00:00:00  |k Rodrigo Vera 
999 |c 249060  |d 249058